[Event "Graz zt"]
[Site "Graz"]
[Date "1993.??.??"]
[Round "4"]
[White "Lutz, Christopher"]
[Black "Grosar, Aljosa"]
[Result "1/2-1/2"]
[WhiteElo "2550"]
[BlackElo "2480"]
[Annotator "Dautov,R"]
[PlyCount "81"]
[EventDate "1993.03.??"]
[EventType "tourn"]
[EventRounds "13"]
[EventCountry "AUT"]
[EventCategory "8"]
[SourceTitle "CBM 035"]
[Source "ChessBase"]
[SourceDate "1993.08.01"]
[SourceVersion "1"]
[SourceVersionDate "1993.08.01"]
[SourceQuality "1"]

1. d4 Nf6 2. c4 e6 3. Nf3 b6 4. g3 Ba6 5. b3 Bb4+ 6. Bd2 Be7 7. Bg2 Bb7 8. O-O
O-O 9. Nc3 d5 10. cxd5 exd5 11. Qc2 Na6 12. Rfd1 Qc8 13. Nh4 $5 {N} (13. Bg5
Rd8 14. Nh4 g6 15. Bf3 (15. Nf3 Qe6 16. Qb2 Bf8 17. Rd3 $6 (17. a3 $14 {Aseev})
17... Re8 18. Bf4 Ne4 $10 {Eingorn-Aseev/Berlin/1990}) 15... c6 16. Ng2 Qd7 17.
Nf4 Nc7 18. Bg2 Kg7 19. h4 h6 20. Bh3 Qe8 21. Bxf6+ Bxf6 22. e3 Bc8 23. Bxc8
Raxc8 $10 {Chernin-Aseev/Lvov/ zt/1990}) 13... Re8 $6 (13... g6 $142 14. Bg5 (
14. a3 $5 c5 15. Nf3 Rd8 16. Qb2 $13) 14... Rd8 {-13.Bg5}) 14. a3 c5 (14... g6
15. b4 c6 16. Qb2 {/\b5} Nc7 17. Nf3 Bd6 18. Ne5 $1 c5 19. bxc5 bxc5 20. Nc4
Bf8 21. dxc5 Bxc5 22. Bf4 $16) 15. Nf5 Bf8 (15... cxd4 16. Nxd4 Nc5 17. Qb2 $16
) 16. dxc5 bxc5 $2 (16... Nxc5 $142 17. b4 (17. Bh3 $2 Kh8 $1 {/\g6}) 17...
Nce4 18. Nd4 a5 $132) 17. Bg5 Re5 (17... Ne4 $8 18. Nxe4 dxe4 19. Nd6 Bxd6 20.
Rxd6 $16) 18. Nh6+ gxh6 19. Bxf6 Re6 20. Qf5 (20. Bh3 d4 {/\Qc6} 21. Bf5 $1 Bd6
22. e4 Qe8 23. Bxe6 Qxe6 24. e5 Bxe5 25. Bxe5 Qxe5 26. Re1 Qf6 27. Ne4 $16) (
20. Bh4 $1 d4 (20... Nb4 21. Qf5 d4 22. Ne4 $18) 21. Nd5 Bg7 22. Rac1 Qd7 23.
e4 $16) 20... Rb6 21. Qf4 Nc7 (21... d4 22. Bxb7 Rxb7 23. Ne4 Rxb3 24. Be5 f5
25. Nf6+ Kf7 26. e3 Bg7 27. Ng4 $16 {->}) 22. Nxd5 $2 (22. Rab1 d4 23. Bxb7
Rxb7 24. Ne4 Nd5 25. Qf3 $16) 22... Nxd5 23. Bxd5 Bxd5 24. Rxd5 Rxf6 $1 $15 25.
Qxf6 Bg7 26. Qf3 Bxa1 27. Rf5 $1 f6 $8 (27... Qe8 28. Rxf7 Qxf7 29. Qxa8+ Kg7
30. Qc8 Qxb3 31. Qxc5 $10) 28. Rxc5 Qxc5 29. Qxa8+ Kg7 30. Qb7+ Kg8 31. Qa8+
Kf7 32. Qe4 f5 33. Qb7+ Qe7 (33... Kg6 $142 34. Qa6+ Bf6 (34... Qb6 35. Qc4 $15
) 35. b4 $15) 34. Qd5+ Kg6 35. Qg8+ Bg7 36. Qc4 h5 37. Qa6+ Bf6 38. h4 Qc5 39.
e3 Kg7 40. b4 Qb6 41. Qc8 1/2-1/2

[Event "Villa Gesell"]
[Site "Villa Gesell"]
[Date "1996.??.??"]
[Round "1"]
[White "Sorin, Ariel"]
[Black "Zarnicki, Pablo Adrian"]
[Result "1-0"]
[WhiteElo "2505"]
[BlackElo "2545"]
[Annotator "Dautov,R"]
[PlyCount "79"]
[EventDate "1996.03.??"]
[EventType "tourn"]
[EventRounds "11"]
[EventCountry "ARG"]
[EventCategory "11"]
[SourceTitle "CBM 052"]
[Source "ChessBase"]
[SourceDate "1996.06.01"]
[SourceVersion "1"]
[SourceVersionDate "1996.06.01"]
[SourceQuality "1"]

1. d4 Nf6 2. c4 e6 3. Nf3 b6 4. g3 Ba6 5. Qb3 Nc6 6. Nbd2 Na5 7. Qa4 Bb7 8. Bg2
c5 9. dxc5 bxc5 10. O-O Qc7 (10... Be7 11. Ne5 Bxg2 12. Kxg2 Qb6 (12... Qc7 13.
Ndf3 O-O 14. Bd2 Nb7 15. Bg5 $14) 13. Ndf3 Qb4 14. Qc2 Qb7 15. Rd1 Nc6 16. Qb3
Qc7 17. Bf4 Nxe5 18. Nxe5 g5 19. Qf3 O-O 20. Nxd7 gxf4 21. Nxf8 Rxf8 22. gxf4
$13 {Ftacnik,L-Farago,I Warszawa zt 1987}) 11. Rd1 {N} (11. Re1 Nc6 12. e4 Bd6
13. Qc2 Ng4 14. b3 h5 15. Bb2 f6 16. Rad1 O-O-O 17. Nf1 Nge5 18. Qd2 Nxf3+ 19.
Bxf3 Be5 $10 {Psakhis,L-Lobron,E/Baden Baden 1992}) (11. Nb3 Nxb3 12. Bf4 Bd6
13. Bxd6 Qxd6 14. Qxb3 Qc7 $10) 11... Be7 (11... Nc6 $5) 12. Ng5 Bxg2 (12...
O-O 13. Nde4 d6 (13... d5 $2 14. Nxf6+ (14. cxd5 Nxd5 15. Bd2 Nc6 16. Nf3 $14)
14... gxf6 15. Nxh7 $1 Kxh7 16. cxd5 exd5 (16... f5 17. Bd2 Bd8 18. d6 $18) 17.
Qh4+ Kg8 18. Qg4+ Kh7 19. Qh5+ Kg8 20. Bh6 $16) 14. Bf4 Nxe4 15. Nxe4 Bc6 16.
Qc2 Nb7 $10) 13. Kxg2 O-O 14. Nde4 Nxe4 $2 (14... d6 15. Bf4 Nb7 16. Qc2 Nxe4
17. Qxe4 Bxg5 18. Bxg5 $14 {/\Rd2,Rad1}) (14... Qb7 $5 15. f3 Qb4 16. Qxb4 cxb4
17. Nxf6+ Bxf6 18. Ne4 Nxc4 19. Nxf6+ gxf6 20. Rxd7 Rfd8 21. Rxd8+ (21. Rc7
Rac8 22. Rxc8 Rxc8 23. b3 Nb6 $10) 21... Rxd8 22. b3 Na3 23. Bh6 $14) 15. Rxd7
$1 $16 Qe5 16. Nf3 Qf6 17. Qxa5 g5 (17... Rfd8 18. Rxd8+ Rxd8 19. Qxa7 g5 (
19... Rd1 $2 20. Bg5 $18) 20. h3 h5 21. g4 hxg4 22. hxg4 $18 {/\Qb7}) 18. h3 h5
19. Qc7 $5 (19. g4 hxg4 20. hxg4 $16) 19... g4 20. hxg4 hxg4 21. Qf4 $1 (21.
Rxe7 $2 gxf3+ 22. exf3 Rfc8 23. Qf4 Qxe7 24. Qxe4 $14) 21... gxf3+ 22. exf3 Ng5
$2 (22... Nd6 $2 23. Qg4+ Kh8 24. Bf4 $18) (22... Nxf2 $1 23. Kxf2 Rfd8 24.
Qxf6 (24. Qg4+ Kf8 $44) (24. Rb7 Rd4 (24... Qg6 25. Be3 $16) 25. Qxf6 Bxf6 $14)
24... Bxf6 25. Rxd8+ Rxd8 26. Ke2 $1 {/\Rb1,b3} Rd4 (26... Kg7 27. Rb1 Rh8 28.
Be3 Rh2+ 29. Kd3 $16) 27. b3 Rxc4 28. bxc4 Bxa1 29. Be3 Be5 (29... Bd4 $2 30.
Bxd4 cxd4 31. Kd3 e5 32. f4 $18) 30. Bxc5 Bxg3 31. Bxa7 $16) 23. Qg4 Qxf3+ 24.
Qxf3 Nxf3 25. Rxe7 $18 Ne1+ 26. Kf1 Nc2 27. Rb1 Rfe8 (27... Rfd8 28. Bg5 $18)
28. Bg5 Nd4 29. Rd1 e5 30. Kg2 Kf8 $2 31. Rd7 a5 $2 (31... Re6 32. Rc7 $18) 32.
Bf6 $1 Re6 33. Rh1 Rxf6 34. Rh8+ Kg7 35. Rxa8 Nf3 36. Rxa5 e4 37. Rxc5 Ne1+ 38.
Kf1 Nf3 39. g4 e3 40. Rf5 1-0

[Event "Bad Woerishofen op 13th"]
[Site "Bad Woerishofen"]
[Date "1997.??.??"]
[Round "7"]
[White "Wells, Peter K"]
[Black "Dautov, Rustem"]
[Result "1/2-1/2"]
[WhiteElo "2495"]
[BlackElo "2590"]
[Annotator "Dautov,R"]
[PlyCount "51"]
[EventDate "1997.03.07"]
[EventType "swiss"]
[EventRounds "9"]
[EventCountry "GER"]
[SourceTitle "EXT 2000"]
[Source "ChessBase"]
[SourceDate "1999.11.16"]
[SourceVersion "1"]
[SourceVersionDate "1999.11.16"]
[SourceQuality "1"]

1. d4 Nf6 2. c4 e6 3. Nf3 b6 4. g3 Ba6 5. b3 b5 6. cxb5 Bxb5 7. Bg2 d5 8. O-O
Nbd7 9. Ba3 Bxa3 10. Nxa3 Ba6 (10... c6 11. Nxb5 cxb5 12. Rc1 O-O 13. Rc6 $14 {
<->c Huzman}) 11. Rc1 $1 {N} (11. b4 Qe7 $2 (11... c6 12. Qc2 Qb6 $11) 12. Rb1
Rb8 13. Qa4 $1 Bxe2 14. Rfc1 Bxf3 15. Bxf3 Qd8 16. Nb5 $1 O-O 17. Nxc7 Rb7 18.
Na6 Qb6 19. b5 $16 {Huzman,A-Salov,V/Amsterdam 64/470 1995}) 11... Qe7 12. Nb1
Rc8 (12... c5 13. dxc5 Nxc5 14. Qd4 Rc8 15. Rc2 $16) (12... Qd6 13. Rc2 $1 (13.
Nc3 O-O 14. Na4 Rfc8 $11 {Huzman}) 13... O-O 14. Qc1 $16) 13. Rc2 (13. Rc6 $5
Bb7 14. Rc2 $14) 13... Qb4 $2 (13... c5 14. Qc1 Qd6 $1 (14... O-O $2 15. Qa3
Qd6 16. Rfc1 $16) 15. Qa3 Ke7 16. dxc5 (16. Rfc1 cxd4 (16... c4 $5 17. bxc4
Rxc4 18. Rxc4 Bxc4 $11) 17. Nxd4 (17. Qxd6+ Kxd6 18. Nxd4 Rxc2 19. Rxc2 Nb6 20.
Na3 Rc8 21. Nab5+ Bxb5 22. Nxb5+ Kd7 23. Rxc8 Nxc8 $11) 17... Qxa3 18. Nxa3
Rxc2 19. Rxc2 Bb7 20. Rc7 Rb8 $11 {/\Kd8}) 16... Rxc5 17. Rxc5 Nxc5 18. Rc1 Rc8
19. b4 Ncd7 20. Rxc8 Bxc8 $11) 14. Qe1 $1 (14. Qc1 c5 15. dxc5 Rxc5 16. a3 Qb6
$11) 14... Qxe1 (14... c5 $2 15. Rxc5 $1 $18) (14... Qb6 15. Nc3 O-O 16. Na4
Qb5 17. Qc1 $16) (14... Qb7 15. Qa5 Qb6 16. Qa3 $16) 15. Rxe1 Ke7 16. Rec1 c6
17. Bf1 $1 Bb7 (17... Kd6 $2 18. e4 Bxf1 19. e5+ $18) 18. e3 a5 (18... Ne4 {
/\c5} 19. Ne1 $1 (19. Nbd2 Nxd2 20. Nxd2 Kd6 $11) 19... Kd6 (19... e5 $2 20.
Bh3 $16) 20. f3 Nef6 21. Nc3 $16) 19. Nc3 $16 Nb6 20. Ne2 {/\Ne5} Nfd7 (20...
Nbd7 21. Nf4 Ne4 22. Nd3 f6 23. Nfe1 Ra8 24. f3 Nd6 25. Nb2 Nb6 26. Ned3 $16)
21. Nf4 Ra8 {/\a4<=>} 22. Nd3 (22. h4 a4 23. b4 a3 24. Nd3 Nc4 25. Nc5 Nxc5 26.
Bxc4 (26. bxc5 $2 Ba6 $11) 26... Nd7 $14) (22. a4 $1 Rhc8 23. h4 $16) 22...
Rhc8 (22... f6 {><e6} 23. h4 a4 (23... Kd6 $2 24. Nc5 Bc8 25. Bh3) 24. Nb4 axb3
25. axb3 Ra3 26. Nxc6+ Bxc6 27. Rxc6 Rxb3 28. Bh3 $36) 23. Nfe5 $2 (23. Nde5
Nb8 (23... f6 24. Nxc6+ Kd6 25. Bb5 $16) 24. a4 f6 25. Nd3 N8d7 26. h4 $16)
23... f6 24. Nxd7 $2 (24. Nf3 g5 $14) 24... Nxd7 25. Bh3 Kd6 $11 26. Nf4
1/2-1/2

[Event "Biel SKA"]
[Site "Biel"]
[Date "1996.07.23"]
[Round "2"]
[White "Karpov, Anatoly"]
[Black "Almasi, Zoltan"]
[Result "1-0"]
[WhiteElo "2775"]
[BlackElo "2655"]
[Annotator "Dautov,R"]
[PlyCount "99"]
[EventDate "1996.07.22"]
[EventType "tourn"]
[EventRounds "11"]
[EventCountry "SUI"]
[EventCategory "16"]
[SourceTitle "CBM 055"]
[Source "ChessBase"]
[SourceDate "1996.12.01"]
[SourceVersion "1"]
[SourceVersionDate "1996.12.01"]
[SourceQuality "1"]

1. d4 Nf6 2. c4 e6 3. Nf3 b6 4. g3 Ba6 5. b3 Bb4+ 6. Bd2 Be7 7. Bg2 c6 8. Bc3
d5 9. Ne5 Nfd7 10. Nxd7 Nxd7 11. Nd2 f5 12. Rc1 {Der andere Plan ist mit a4-a5
verbunden.} (12. a4 O-O 13. O-O Nf6 14. a5 Bd6 15. axb6 axb6 16. Qc2 Qe7 17.
Ra2 Bb7 18. Rfa1 Rxa2 19. Rxa2 Ne4 $6 20. Nxe4 fxe4 21. e3 c5 22. Qd1 Bb8 23.
Bh3 Qf7 24. b4 $14 {Alterman,B-Gofshtein,L/Rishon le Zion (08) ;CBM 45 1994})
12... O-O 13. O-O Rc8 (13... Nf6 14. Bb2 Bd6 15. Rc2 Qe7 16. Qa1 f4 17. e4 $2
fxe3 18. fxe3 Ng4 19. Qe1 Qg5 20. Rxf8+ Rxf8 21. Nf1 e5 22. h3 Rxf1+ 23. Bxf1
Nxe3 $17 {Engqvist,T-Ostenstad,B/Gausdal International (02) 1993}) 14. Bb2 Bd6
15. a3 $1 Qe7 16. Rc2 {Jetzt ist Karpovs Idee klar- die Dame von c1 und die
Türme von c2 und d1 sollen den Bauernsturm auf dem Damenflügel unterstüzen.}
Nf6 (16... Bxa3 $2 17. Bxa3 Qxa3 18. Qa1 Qxa1 19. Rxa1 Nb8 20. Rca2 $16) 17.
Qc1 Kh8 $6 {Dieser Zug wurde "für alle Fälle"gemacht. Schwarz traut sich nicht,
gegen Karpov ein risikofreudiges Gegenspiel anzufangen und gerät in Folge
unter die Räder.} (17... f4 $5 18. Nf3 (18. Bh3 $5) 18... fxg3 19. hxg3 c5 20.
dxc5 bxc5 $132) 18. e3 $14 Ne4 19. Rd1 Bb7 20. b4 Bb8 $6 {Schwarz ist Zug für
Zug nur mit Prophylaxe beschäftig, die teilweise überflüssig erscheint. Jetzt
z.B. hatte er Angst vor c4-c5 und ermöglicht durch den Läuferabzug die
Bewegung des Pa3.} 21. Bf1 Qe8 22. a4 a6 23. Nxe4 fxe4 24. b5 axb5 25. cxb5 Bd6
(25... cxb5 $5 26. Ba3 (26. Bxb5 Rxc2 27. Qxc2 Qe7 28. Rc1 Bd6) 26... Rxc2 27.
Qxc2 Rf7 28. Bxb5 Qd8 29. Rc1 Rc7 30. Qd2 Rxc1+ 31. Qxc1 Bd6 32. Bxd6 Qxd6 33.
h4 $14) 26. Ba3 Bxa3 27. Qxa3 Qf7 28. Rdc1 $16 c5 (28... cxb5 29. axb5 $16 {
/\Qb6}) 29. dxc5 Rxc5 30. a5 $2 {Ich glaube, hier hat Karpov seine
Möglichkeiten überschätzt. Viel sicherer scheint mir} (30. Qb2 $1 Rxc2 31. Rxc2
$16 {/\Qd4, ><b6}) 30... Rxc2 31. Rxc2 bxa5 $13 32. b6 $1 (32. Qxa5 d4 33. exd4
e3 34. f4 e5 $1 $132) (32. Qd6 a4 33. b6 h6 34. h4 Qf6 $132) 32... d4 $2 (32...
e5 $1 {/\d4} 33. Qb2 (33. Qc3 Qe6 $1 (33... Qf6 $2 34. Qc7 $16) 34. Qxa5 d4 $36
) 33... Qf6 (33... d4 $2 34. Rc7 Qf3 (34... Qd5 35. Bc4 $18) 35. Rxb7 dxe3 36.
h3 exf2+ 37. Kh2 $18) 34. Rc7 Rb8 35. Qb5 {/\Rb7} Rf8 36. Qb2 $10) 33. exd4 e5
34. Bc4 $1 Qe8 35. d5 Qd8 36. Qxa5 $18 e3 37. fxe3 Qf6 38. Qb4 h5 39. e4 Qf3
40. Qe1 Qf6 41. Qe3 Qg6 42. Rf2 Rc8 43. Bb5 Rd8 44. h4 Rd6 45. Rf8+ Kh7 46. Be8
Qg4 47. Qf3 Rxb6 48. Bxh5 Qh3 49. Qf5+ Qxf5 50. exf5 1-0

[Event "Olympiad-32"]
[Site "Yerevan"]
[Date "1996.09.23"]
[Round "7.1"]
[White "Beliavsky, Alexander G"]
[Black "Torre, Eugenio"]
[Result "1/2-1/2"]
[WhiteElo "2620"]
[BlackElo "2535"]
[Annotator "Dautov,R"]
[PlyCount "92"]
[EventDate "1996.09.15"]
[EventType "team-swiss"]
[EventRounds "14"]
[EventCountry "ARM"]
[SourceTitle "CBM 055"]
[Source "ChessBase"]
[SourceDate "1996.12.01"]
[SourceVersion "1"]
[SourceVersionDate "1996.12.01"]
[SourceQuality "1"]
[WhiteTeam "Slovenia"]
[BlackTeam "Philippines"]
[WhiteTeamCountry "SLO"]
[BlackTeamCountry "PHI"]

1. d4 Nf6 2. c4 e6 3. Nf3 b6 4. g3 Ba6 5. b3 b5 6. cxb5 Bxb5 7. Bg2 Bb4+ 8. Bd2
a5 9. O-O O-O 10. a3 (10. Nc3 Bc6 11. Qc2 Qc8 12. a3 Bxc3 13. Bxc3 Qb7) 10...
Bxd2 (10... Be7 11. Nc3 Ba6 12. Qc2 d5 13. Rfc1 Nbd7 14. e4 $14 {
Karpov-Christiansen/Wijk aan Zee/1993}) 11. Nfxd2 (11. Qxd2 Bc6 12. Nc3 Qc8 13.
Rfc1 Qb7 14. Rab1 Rc8 $10) 11... Nd5 $2 {N} (11... Bc6 12. e4 d5 13. e5 Nfd7
14. Nc3 Bb7 15. b4 Nc6 16. Nf3 axb4 17. axb4 Nb6 18. b5 Na5 19. Qd3 Qe7 20. Nd2
c5 $10 {Van der Sterren-Ehlvest/Reykjavik op/1994}) 12. Bxd5 $1 (12. Re1 Nc6 (
12... f5 13. Bxd5 exd5 14. Nc3 Bc6 15. b4 $16) 13. e4 Nb6 14. Nf3 $14) 12...
exd5 13. Nc3 Bc6 14. b4 $16 Bb7 (14... axb4 15. axb4 Rxa1 16. Qxa1 $16) (14...
d6 15. Nb3 axb4 16. axb4 $16 {/\Na5}) 15. Nb3 axb4 16. axb4 d6 (16... c6 17.
Nc5 Rxa1 18. Qxa1 Qb6 19. Qa5 Qxa5 20. bxa5 $16) 17. Na5 Qc8 18. Qb3 Nc6 (18...
c6 19. b5 $16) 19. Nxd5 Re8 (19... Nxd4 $2 20. Ne7+ Kh8 21. Qd3 $18) 20. Nxc6 (
20. e3 Nxa5 21. bxa5 Ra7 22. Rfb1 $16) 20... Bxc6 21. Rac1 Bxd5 (21... Qb7 $2
22. Nxc7 Qxc7 23. b5 Rab8 24. Qc4 $18) 22. Qxd5 Rb8 (22... Rxe2 $2 23. Rxc7 $18
) 23. Qc4 (23. Rc2 Rxb4 24. Rfc1 Qe6 (24... Rb7 $2 25. Qxd6 $18) 25. Qxe6 fxe6
26. e3 c5 27. dxc5 dxc5 28. Rxc5 $16) 23... Rb7 24. e3 Qf5 25. Qc6 Reb8 26. Ra1
g6 27. Ra8 Qc8 28. Rxb8 Qxb8 29. Rc1 h5 30. h4 Ra7 31. b5 Qd8 (31... Rb7 32.
Qd7 $2 (32. Kg2 $16) 32... c5 33. bxc6 Rxd7 34. cxd7 Kg7 35. Rc8 Qb1+ 36. Kh2
Qf5 $10) 32. Qd5 (32. Kg2 {>=} Qb8 33. e4 (33. b6 $5 Qxb6 34. Qxb6 cxb6 35. Rc6
$16) 33... Rb7 34. d5 $16) 32... Qb8 33. Rc6 $2 (33. Kg2 Rb7 (33... Qb7 34. Rc6
$16) 34. Qc6 Kg7 $16) 33... Ra1+ 34. Kh2 Rb1 35. Qc4 Qa8 $1 $132 36. Qd5 (36.
b6 Rxb6 37. Rxc7 Qf3 38. Qa2 d5 $14) (36. e4 Qa1 37. Rxc7 Rh1+ 38. Kg2 Rg1+ 39.
Kf3 Qd1+ 40. Qe2 Qxd4 $132) 36... Qa5 37. Rc2 (37. Qe4 Qe1 38. Rc2 Kg7 $10)
37... Rxb5 38. Qc6 Rb1 39. Qxc7 Qe1 40. Qc6 Qg1+ 41. Kh3 Qf1+ 42. Qg2 Qd3 $10
43. Ra2 Qc4 44. Rd2 (44. Ra7 Kg7 45. Qf3 Qf1+ $10) 44... Qc3 45. Ra2 Qc4 46.
Rd2 Qc3 1/2-1/2

[Event "Bad Zwesten op 1st"]
[Site "Bad Zwesten"]
[Date "1997.??.??"]
[Round "4"]
[White "Rogozenco, Dorian"]
[Black "Dautov, Rustem"]
[Result "1/2-1/2"]
[WhiteElo "2530"]
[BlackElo "2590"]
[Annotator "Dautov,R"]
[PlyCount "73"]
[EventDate "1997.01.02"]
[EventType "swiss"]
[EventRounds "7"]
[EventCountry "GER"]
[SourceTitle "CBM 057"]
[Source "ChessBase"]
[SourceDate "1997.04.01"]
[SourceVersion "1"]
[SourceVersionDate "1997.04.01"]
[SourceQuality "1"]

1. d4 Nf6 2. c4 e6 3. Nf3 b6 4. g3 Ba6 5. Nbd2 c5 6. Bg2 Nc6 7. Qa4 Bb7 8. dxc5
bxc5 {N} (8... Bxc5 9. O-O O-O 10. a3 Qc7 11. Qc2 Rac8 12. b3 d5 13. Bb2 dxc4
14. Qxc4 Na5 15. Qh4 Be7 $10 {Didishko,V-Kupreichik,V/Minsk 1982}) 9. Ne5 Qa5 (
9... Na5 10. Bxb7 Nxb7 11. O-O $14) 10. Bxc6 $5 (10. Qxa5 Nxa5 11. Bxb7 Nxb7
$10) 10... Qxa4 11. Bxa4 Bxh1 12. f3 Bg2 (12... h5 $2 13. Nb3 h4 14. g4 Bd6 15.
Bf4 $16) (12... Bd6 13. Nd3 Bg2 (13... h5 14. Nb3 h4 15. Bf4 Bxf4 16. gxf4 Bg2
17. Kf2 h3 18. e4 $44) 14. Nb3 $44) 13. Nb3 Rb8 $6 (13... Bd6 14. Bf4 (14. Nd3
{-12...Bd6}) 14... g5 15. Nxd7 (15. Nxf7 $2 Bxf4 16. Nxh8 Be3 17. Rd1 Ke7 18.
Rd3 Bg1 $17) (15. O-O-O gxf4 16. Rxd6 Ke7 17. Rd1 fxg3 18. hxg3 d5 19. g4 $44)
15... gxf4 16. Nxf6+ Ke7 17. Ne4 fxg3 18. hxg3 Be5 $13) 14. Bd2 $6 (14. Nd3 $1
e5 (14... Bh3 15. Bf4 $16) (14... Bd6 15. Bf4 Bxf4 16. Nxf4 Bh1 17. Kf2 Rb4 18.
Bb5 $16) 15. Nxe5 (15. Kf2 $5 Bh3 16. g4 h5 17. g5 Nh7 18. Nbxc5 Bxc5+ 19. Nxc5
$36) 15... Bd6 16. Nd3 $14) 14... Bd6 15. Bc3 O-O $2 (15... Ke7 16. Kf2 (16.
Rd1 Rb6 17. Kf2 Bh3 18. g4 Bxe5 19. Bxe5 d6 20. Bxf6+ $2 (20. Bc3 $1 $44) 20...
Kxf6 21. Kg3 Ra6 22. Bb5 Rxa2 23. Kxh3 Rxb2 $17) 16... Bh3 17. g4 (17. Nd3 $6
Rhc8 18. e4 e5 19. Nxe5 Bxe5 20. Bxe5 d6 $15) 17... Bxe5 18. Bxe5 d6 19. Bc3 $1
h5 20. g5 Ne8 (20... Nh7 21. Na5 $36) 21. Na5 Kf8 22. Rd1 $44) 16. Rd1 (16. g4
$1 {/\Kf2} Bxe5 17. Bxe5 Rb4 18. Bb5 d5 19. Bc3 Rxb5 20. cxb5 $16) 16... Bxe5
17. Bxe5 Rb4 18. Bb5 d5 19. Bc3 Rxb5 (19... dxc4 20. Bxb4 cxb4 21. Bxc4 $16)
20. cxb5 $16 Nd7 21. Rc1 (21. Na5 $5 Bh3 22. Nc6 Ra8 23. b4 a6 24. a4 Nb6 25.
Ra1 $16 {o^b5}) 21... Rb8 (21... Bh3 $2 22. Nxc5 Nxc5 23. Bb4 Nd7 24. Bxf8 Kxf8
25. Rc7 $18) 22. Kf2 Bh3 23. g4 h5 24. Kg3 hxg4 25. fxg4 Bxg4 26. Kxg4 Rxb5 27.
e3 (27. Rc2 $1 f6 28. Nc1 Kf7 29. b3 e5 30. Bb2 Ke6 31. Nd3 $16) 27... f6 28.
Kg3 $6 Kf7 29. Rf1 $6 (29. Rc2) 29... e5 30. Rf2 Ke6 31. h4 Nb6 $10 32. Rg2 Na4
33. Kf3 c4 34. Nc1 Nxc3 35. bxc3 Rb1 36. Ne2 Rf1+ 37. Kg4 (37. Kg4 g6 38. Ng3
Rc1 39. Ne2 Rb1 (39... Rf1 $10) 40. Kf3 {/\e4} Rf1+ 41. Rf2 Rh1 42. Rg2 Rf1+
$10) 1/2-1/2

[Event "Petrov Memorial op"]
[Site "St Petersburg"]
[Date "1996.??.??"]
[Round "5"]
[White "Terekhov, Andrey"]
[Black "Tunik, Gennady"]
[Result "0-1"]
[WhiteElo "2315"]
[BlackElo "2475"]
[Annotator "Dautov,R"]
[PlyCount "92"]
[EventDate "1996.02.??"]
[EventType "swiss"]
[EventRounds "9"]
[EventCountry "RUS"]
[SourceTitle "CBM 052"]
[Source "ChessBase"]
[SourceDate "1996.06.01"]
[SourceVersion "1"]
[SourceVersionDate "1996.06.01"]
[SourceQuality "1"]

1. d4 Nf6 2. c4 e6 3. Nf3 b6 4. g3 Ba6 5. Qa4 Bb7 6. Bg2 c5 7. dxc5 Bxc5 8. O-O
O-O 9. Nc3 Be7 10. Rd1 Na6 11. Be3 Qc8 12. Rac1 Nc5 (12... Rd8 13. Bd4 d6 14.
b4 Ne4 15. Qb3 $14 {פa6 Skembris,S-Yudasin,L/Beer_Sheva 1993}) 13. Qc2 Nce4
14. Bd4 Rd8 15. Ne1 {N} (15. Qd3 {>=} Nxc3 (15... d6 16. b3 Nxc3 17. Qxc3 Qc7
18. Qa1 Be4 19. a4 Qb7 20. Ne1 Bxg2 21. Nxg2 d5 22. Ne3 dxc4 23. Nxc4 Rac8 24.
f3 Rxd4 25. Rxd4 Bc5 26. Kf1 Bxd4 27. Qxd4 b5 {1/2-1/2 Sorin,A-Shneider,A/
Groningen op (10) 1994}) 16. Qxc3 Qc7 17. b3 Rac8 18. Qb2 Be4 19. Ne1 Bxg2 20.
Nxg2 Qb7 21. Ne3 h5 $2 22. a4 Ne8 23. Rd3 Bf6 24. Rcd1 a6 25. Qd2 Be7 26. a5
$14 {Karpov,An-Ehlvest,J/Skelleftea 1989}) 15... Nxc3 16. Qxc3 Bxg2 17. Nxg2
Qb7 $10 18. f3 $6 (18. b3 Rac8 19. Qb2 d5 $10 (19... d6 20. Ne3 {/\Rd3,Rcd1}))
18... Rac8 19. Qb3 Rc6 $1 {><c4} (19... d5 20. Ne3 dxc4 21. Rxc4 Rxc4 22. Qxc4
$10 (22. Nxc4 $2 Rxd4 23. Rxd4 Bc5 $15)) 20. e4 Rdc8 21. Ne3 d6 22. a4 Qc7 23.
Qd3 (23. Rd2 $2 d5 24. exd5 (24. Bxf6 dxc4 25. Rxc4 Rxc4 26. Nxc4 Bxf6 $15)
24... Nxd5 $15 {><c4}) 23... Nd7 (23... d5 $5 24. exd5 (24. Bxf6 dxe4 25. Qxe4
Bxf6 26. b3 $15) 24... Nxd5 25. b3 Nb4 26. Qe2 Bc5 27. Rd2 Rd6 28. Rcd1 Rcd8
$15) 24. b3 (24. b4 $2 Ne5 25. Bxe5 dxe5 26. Qb3 Bg5 $17) 24... Bf6 25. Bxf6
Nxf6 26. Rc2 Nd7 27. Rcd2 Nc5 28. Qb1 Qe7 29. Kf2 h6 30. Rd4 (30. b4 Nb7 31.
Qb2 a5 32. b5 R6c7 33. Qd4 $10) 30... Nb7 31. e5 $2 (31. R1d2 $10) (31. Qd3 $10
) 31... Qc7 32. exd6 Rxd6 33. Rxd6 Nxd6 34. Qd3 Rd8 $15 {/\Nb7-c5} 35. Kg2 $6 (
35. Qc3 a5 36. Ke2 {>=} (36. b4 axb4 37. Qxb4 Nb7 38. Rxd8+ Qxd8 $15)) (35. b4
Nb7 36. Qc2 Rxd1 37. Qxd1 a5 38. b5 Nc5 $15) 35... Nb7 36. Qc2 a5 37. Rxd8+ $2
Qxd8 38. Qc3 Nc5 $17 {/\Qb3} 39. b4 (39. Kf2 Qd3 40. Qxd3 Nxd3+ 41. Kf1 Nc5 $19
) 39... Nxa4 40. Qc2 axb4 $1 $19 41. Qxa4 Qd2+ 42. Kh3 Qxe3 43. Qxb4 Qxf3 44.
Qxb6 Qf1+ 45. Kh4 g5+ 46. Kg4 Qf5+ 0-1

[Event "Bundesliga 9697"]
[Site "Germany"]
[Date "1997.??.??"]
[Round "?.1"]
[White "Dautov, Rustem"]
[Black "Sax, Gyula"]
[Result "1-0"]
[WhiteElo "2590"]
[BlackElo "2545"]
[Annotator "Dautov,R"]
[PlyCount "71"]
[EventDate "1996.10.12"]
[EventType "team-tourn"]
[EventRounds "15"]
[EventCountry "GER"]
[SourceTitle "GER-chT"]
[Source "ChessBase"]
[SourceDate "1999.07.01"]
[SourceVersion "1"]
[SourceVersionDate "1999.07.01"]
[SourceQuality "1"]
[WhiteTeam "St Ingbert"]
[BlackTeam "Duisburg"]
[WhiteTeamCountry "GER"]
[BlackTeamCountry "GER"]

1. d4 Nf6 2. c4 e6 3. Nf3 b6 4. g3 Ba6 5. Qa4 Bb7 6. Bg2 c5 7. O-O cxd4 8. Nxd4
Bxg2 9. Kxg2 Qc7 10. f3 a6 11. Rd1 Be7 $6 (11... Qb7 12. Nc3 Be7 13. e4 O-O $11
) 12. Nb5 Qc6 13. Nd6+ Bxd6 14. Qxc6 Nxc6 (14... dxc6 15. Rxd6 Ke7 16. Rd1 Ra7
17. Be3 Rd7 18. Nc3 $16 c5 19. Na4 Rxd1 20. Rxd1 Nbd7 21. Nxb6 $18 {Matlak,
M-Borges Mateos,J/Polanica Zdroj 1988}) 15. Rxd6 Ke7 16. Rd1 d5 (16... Rhc8 17.
b3 b5 18. Na3 b4 19. Nc2 a5 20. Kf2 h6 21. g4 d6 22. Bf4 d5 23. Ne3 d4 24. Nc2
Rd8 25. Bc1 e5 26. a3 $14 {Matlak,M-Pavlovic,M/Protvino II 1988}) 17. Na3 $1 {N
} (17. cxd5 Nxd5 18. Bd2 Rhd8 19. Nc3 Nxc3 20. Bxc3 f6 $11 {Cosma-Kalesis /1993
}) 17... Rhd8 18. b3 Rab8 (18... dxc4 $2 19. Nxc4 b5 20. Ba3+ b4 21. Na5 $1
Rxd1 22. Nxc6+ Ke8 23. Rxd1 bxa3 24. e4 Rc8 25. Rd6 $16) (18... b5 $2 19. cxb5
axb5 20. Nxb5 Rdb8 21. Na3 (21. a4 Rxb5 22. axb5 Rxa1 23. bxc6 e5 $13) 21...
Nb4 22. Bb2 $16) (18... e5 $5) 19. Bb2 b5 20. cxd5 Nxd5 21. Nc2 $1 (21. Rdc1
Ndb4 22. Bxg7 Rd2 23. Kf2 Rc8 $13 {><f2}) 21... Rbc8 22. Kf2 (22. Bxg7 $4 Ncb4
23. Nxb4 Ne3+ $17) 22... g6 $2 (22... f6 23. Rac1 $14) 23. Rac1 Ke8 (23... Ncb4
24. Nxb4 Nxb4 25. Ba3 a5 26. Rxd8 Rxd8 (26... Rxc1 $4 27. Ra8 $18) 27. Ke3 $16)
24. Ne1 $1 {/\Nd3-c5,><a6} Nb6 (24... Ncb4 25. a3 Na2 (25... Nc6 26. Nd3 Na5
27. Nc5 $16) 26. Rxc8 Rxc8 27. Ra1 Ndc3 28. b4 $16) 25. Nd3 Nd7 26. e4 $16 a5 (
26... Ne7 27. Ke3 Rxc1 28. Rxc1 Rc8 29. Rxc8+ Nxc8 30. Nb4 a5 31. Nc6 a4 32.
bxa4 bxa4 33. Kd4 $16) 27. Ke3 Ne7 28. Bc3 Ra8 (28... b4 29. Bd4 $16) 29. Bd4
Rdc8 30. Ne5 Nxe5 31. Bxe5 f5 $2 (31... b4 32. g4 a4 33. Rxc8+ Nxc8 (33... Rxc8
34. bxa4 Ra8 35. Bc7 $16) 34. Rd4 $16) 32. Bf6 a4 33. b4 Kf7 34. Bg5 Ke8 35. a3
Ra7 $4 (35... Rxc1 36. Rxc1 Rc8 37. Rxc8+ Nxc8 38. exf5 exf5 39. Kd4 Kd7 40.
Kc5 Nd6 41. Bf4 $18) 36. Rxc8+ 1-0